| 000 | 00000nam##2200000za#4500 |
| 001 | 9.696803 |
| 003 | CaOODSP |
| 005 | 20210929082801 |
| 007 | cr ||||||||||| |
| 008 | 150407|2005||||xxc|||||o f|0| 0 eng|d |
| 040 | |aCaOODSP|beng |
| 043 | |an-cn--- |
| 086 | 1 |aFo4-14/7-2005E-PDF |
| 110 | 1 |aCanada. |bNatural Resources Canada. |bCanadian Forest Service. |
| 245 | 14|aThe boreal forest : |h[electronic resource]|ba global legacy / |c[published by] Canadian Forestry Association. |
| 246 | 1 |aCanadian Forestry Association Teaching Kit |
| 260 | |aOttawa - Ontario : |bNatural Resources Canada. |c[2005]. |
| 300 | |a52p.|billus., tables |
| 500 | |a"Teaching kit". |
| 520 | 3 |aProvides educators with the tools to help young people better understand the value of forests and the importance of protecting and conserving them. |
| 590 | |a12-40-Supp|b2012-10-23 |
| 690 | 07|aBoreal ecosystems|2gcpds |
| 690 | 07|aForest management|2gcpds |
| 775 | 08|tLa forêt boréale : |w(CaOODSP)9.640906 |
| 776 | 0#|tThe boreal forest : |w(CaOODSP)9.651203 |
| 856 | 40|ahttp://publications.gc.ca|qPDF|s2.33 MB|uhttps://publications.gc.ca/collections/collection_2012/rncan-nrcan/Fo4-14-7-2005-eng.pdf |